<?xml version="1.0" encoding="UTF-8"?>
<record
    xmlns:xsi="http://www.w3.org/2001/XMLSchema-instance"
    xsi:schemaLocation="http://www.loc.gov/MARC21/slim http://www.loc.gov/standards/marcxml/schema/MARC21slim.xsd"
    xmlns="http://www.loc.gov/MARC21/slim">

  <leader>01598nam a22002657a 4500</leader>
  <controlfield tag="003">OSt</controlfield>
  <controlfield tag="005">20220823120132.0</controlfield>
  <controlfield tag="008">120910t        xxu||||| |||| 00| 0 eng d</controlfield>
  <datafield tag="010" ind1=" " ind2=" ">
    <subfield code="a">2007043227</subfield>
  </datafield>
  <datafield tag="020" ind1=" " ind2=" ">
    <subfield code="a">9780136006176</subfield>
  </datafield>
  <datafield tag="040" ind1=" " ind2=" ">
    <subfield code="c">LC</subfield>
  </datafield>
  <datafield tag="050" ind1=" " ind2=" ">
    <subfield code="a">QD31.3.C43</subfield>
  </datafield>
  <datafield tag="100" ind1=" " ind2=" ">
    <subfield code="a">Brown,Theodore L.</subfield>
    <subfield code="9">223</subfield>
  </datafield>
  <datafield tag="245" ind1=" " ind2=" ">
    <subfield code="a">Chemistry: the central science. /</subfield>
    <subfield code="c">Theodore L. Brown ... [et. al.]</subfield>
  </datafield>
  <datafield tag="250" ind1=" " ind2=" ">
    <subfield code="a">12th ed.</subfield>
  </datafield>
  <datafield tag="260" ind1=" " ind2=" ">
    <subfield code="a">Upper Saddle river, New Jersey:</subfield>
    <subfield code="b">Prentice Hall,</subfield>
    <subfield code="c">2009.</subfield>
  </datafield>
  <datafield tag="300" ind1=" " ind2=" ">
    <subfield code="a">1 volume [various pagings],</subfield>
    <subfield code="b">ill.;</subfield>
    <subfield code="c">27cm.</subfield>
  </datafield>
  <datafield tag="500" ind1=" " ind2=" ">
    <subfield code="a">Includes index.</subfield>
  </datafield>
  <datafield tag="505" ind1=" " ind2=" ">
    <subfield code="a">Contents: Introduction: matter and measurement -- Atoms, molecules and ions -- Stoichiometry: calculations with chemical formulas and equations -- Aqueous reactions and solution stoichiometry -- Thermochemistry -- Electronic structure of atoms -- Periodic properties of the elements -- Basic concepts of chemical bonding -- Molecular geometry and bonding theories -- Gases -- Intermolecular forces, liquids and solids -- Modern materials -- Properties of solutions -- Chemical kinetics -- Chemical equilibrium -- Acid-base equilibria -- Additional aspects of of aqueous equilibria -- Chemistry of the environment -- Chemical thermodynamics -- Electrochemistry -- Nuclear chemistry -- Chemistry of the nonmetals -- Metals and metallurgy -- Chemistry of coordination compounds -- The chemistry of life: organic and biological chemistry --</subfield>
  </datafield>
  <datafield tag="650" ind1=" " ind2=" ">
    <subfield code="b">Chemistry.</subfield>
    <subfield code="9">217</subfield>
  </datafield>
  <datafield tag="700" ind1=" " ind2=" ">
    <subfield code="a">LeMay Jr.,  H. Eugene </subfield>
    <subfield code="9">224</subfield>
  </datafield>
  <datafield tag="700" ind1=" " ind2=" ">
    <subfield code="a"> Bursten, Bruce E.</subfield>
    <subfield code="9">225</subfield>
  </datafield>
  <datafield tag="700" ind1=" " ind2=" ">
    <subfield code="a">Murphy, Catherine J.</subfield>
    <subfield code="9">226</subfield>
  </datafield>
  <datafield tag="942" ind1=" " ind2=" ">
    <subfield code="2">lcc</subfield>
    <subfield code="c">BK</subfield>
  </datafield>
  <datafield tag="999" ind1=" " ind2=" ">
    <subfield code="c">9163</subfield>
    <subfield code="d">16663</subfield>
  </datafield>
  <datafield tag="952" ind1=" " ind2=" ">
    <subfield code="0">0</subfield>
    <subfield code="1">0</subfield>
    <subfield code="2">lcc</subfield>
    <subfield code="4">0</subfield>
    <subfield code="7">0</subfield>
    <subfield code="a">WIUC-KL</subfield>
    <subfield code="b">WIUC-KL</subfield>
    <subfield code="c">NURS L.</subfield>
    <subfield code="d">2022-06-23</subfield>
    <subfield code="o">QD31.3.C43(11e)</subfield>
    <subfield code="p">KSN/1050/055/22</subfield>
    <subfield code="r">2022-08-23 00:00:00</subfield>
    <subfield code="w">2022-08-23</subfield>
    <subfield code="y">BK</subfield>
  </datafield>
</record>
